MARC details
| 000 -LEADER |
| fixed length control field |
01159nam a22002777a 4500 |
| 003 - CONTROL NUMBER IDENTIFIER |
| control field |
OSt |
| 005 - DATE AND TIME OF LATEST TRANSACTION |
| control field |
20250911153633.0 |
| 008 - FIXED-LENGTH DATA ELEMENTS--GENERAL INFORMATION |
| fixed length control field |
240214b ||||| |||| 00| 0 eng d |
| 040 ## - CATALOGING SOURCE |
| Transcribing agency |
0 |
| 082 ## - DEWEY DECIMAL CLASSIFICATION NUMBER |
| Classification number |
DPer 621.317 Ie21 May 2022 v. 37 n. 5 |
| 100 ## - MAIN ENTRY--PERSONAL NAME |
| Personal name |
Huang, Sen. |
| Relator term |
author. |
| 9 (RLIN) |
52371 |
| 245 ## - TITLE STATEMENT |
| Title |
Transient synchronization stability improvement control strategy for grid-connected VSC under symmetrical grid fault / |
| Statement of responsibility, etc. |
Sen Huang, Jun Yao, Jinxin Pei, Shiyue Chen, Yi Luo, and Zhaoyang Chen. |
| 260 ## - PUBLICATION, DISTRIBUTION, ETC. (IMPRINT) |
| Place of publication, distribution, etc. |
New York ; |
| Name of publisher, distributor, etc. |
The Institute of Electrical and Electronics Engineers, Inc. , |
| Date of publication, distribution, etc. |
May 2022. |
| 300 ## - PHYSICAL DESCRIPTION |
| Extent |
Volume 37, pages 4957-4961 : |
| Other physical details |
illustration ; |
| Dimensions |
28 cm. |
| 500 ## - GENERAL NOTE |
| General note |
IEEE Transactions on Power Electronics, v. 37 n. 5, pages 4957-4961, May 2022. |
| 650 #0 - SUBJECT ADDED ENTRY--TOPICAL TERM |
| Topical term or geographic name as entry element |
Damping. |
| 9 (RLIN) |
65927 |
| 650 #0 - SUBJECT ADDED ENTRY--TOPICAL TERM |
| Topical term or geographic name as entry element |
Power system stability. |
| 9 (RLIN) |
65754 |
| 650 #0 - SUBJECT ADDED ENTRY--TOPICAL TERM |
| Topical term or geographic name as entry element |
Transient analysis. |
| 9 (RLIN) |
65849 |
| 700 ## - ADDED ENTRY--PERSONAL NAME |
| Personal name |
Huang, Sen. |
| Relator term |
author. |
| 9 (RLIN) |
52371 |
| 700 ## - ADDED ENTRY--PERSONAL NAME |
| Personal name |
Yao, Jun. |
| Relator term |
author. |
| 9 (RLIN) |
52372 |
| 700 ## - ADDED ENTRY--PERSONAL NAME |
| Personal name |
Pei, Jinxin. |
| Relator term |
author. |
| 9 (RLIN) |
52373 |
| 700 ## - ADDED ENTRY--PERSONAL NAME |
| Personal name |
Chen, Shiyue. |
| Relator term |
author. |
| 9 (RLIN) |
52374 |
| 700 ## - ADDED ENTRY--PERSONAL NAME |
| Personal name |
Luo, Yi. |
| Relator term |
author. |
| 9 (RLIN) |
52375 |
| 700 ## - ADDED ENTRY--PERSONAL NAME |
| Personal name |
Chen, Zhaoyang. |
| Relator term |
author. |
| 9 (RLIN) |
52376 |
| 942 ## - ADDED ENTRY ELEMENTS (KOHA) |
| Source of classification or shelving scheme |
Dewey Decimal Classification |
| Koha item type |
Periodicals |